Pays Fenno-Scandinaves de A à Z - Statistiques

Statistiques générales
  • Ce quiz a été pris 75 fois
  • Le résultat moyen est 10 sur 26
Statistiques - réponses
Lettre Indice Réponse % Correct
D Odin, Thor et Loki en sont pour la mythologie nordique Dieux
93%
L Célèbre entreprise danoise, productrice de petits blocs emboîtables Lego
87%
S Bain chaud traditionnel finlandais Sauna
87%
Z Equivalent de Odin dans la mythologie grecque Zeus
81%
A Groupe de musique norvégien célèbre pour la chanson Take On Me A-Ha
78%
P Personnage mythique qui vivrait dans la région fenno-suédoise de la Laponie Père Noël
73%
J Péninsule dans laquelle se situe la partie continentale du Danemark Jutland
66%
I Langue nordique se rapprochant du norvégien ou du danois Islandais
46%
W Autre orthographe pour le paradis de la mythologie nordique Walhalla
42%
B Golfe situé entre la Suède et la Finlande Botnie
39%
U Grande ville suédoise, réputée pour son université Uppsala
37%
X Siècle de déclin des Viking XIème
37%
H Nom de glace avec une consonance danoise, malgré une faute d'orthographe Häagen-Dazs
33%
O Grande ville du Danemark, où est né Hans-Christiaan Andersen Odense
31%
C Ce que l'on peut obtenir de la Norvège si on vit suffisamment longtemps à Svalbard Citoyenneté
25%
K Grand philosophe danois, qui s'est beaucoup interrogé sur la religion Kierkegaard
25%
Q Ville chinoise qui entretient des relations de coopération avec Göteborg Qingdao
25%
Y Jeu de cartes ayant fait un arc sur la mythologie nordique Yu-Gi-Oh
25%
M Célèbre jeu de blocs créé par une société suédoise Minecraft
24%
T Grande ville norvégienne située au nord du pays Tromso
22%
G Compositeur norvégien, connu pour son oeuvre majeure, Peer Gynt Grieg
21%
E Grande ville finlandaise située toute proche de la capitale, Helsinki Espoo
18%
N Grand coureur de fond finlandais, élu athlète du siècle en 2000 Nurmi
15%
F Région du nord-est de la Norvège, au nord de la Finlande Finmark
9%
R Société finlandaise à l'origine de la série de jeux mobile Angry Birds Rovio
4%
V Archipel d'îles norvégiennes situé près de la réponse T Verstalen
3%
Aucun quiz correspondant
Distribution des résultats
% des personnes avec chaque résultat
Percentile par nombre de réponses
Votre historique - résultats
Vous n’avez pas pris ce quiz